000 00364nab a22001337a 4500
001 T027600011061-01
008 190830b xxu||||| |||| 00| 0 esp |
040 _aFEVP
_cFEVP
100 _aHernández B, César J.
245 _a"El SENIAT y la determinación tributaria".
300 _app. 15-48
650 _aChávez Frías, Hugo, 1954-2013--Entrevistas
942 _cANL
999 _c14259
_d14259